| 000 | 01595nam0a2200289 4500 | ||
|---|---|---|---|
| 001 | RU\NLR\bibl\1717571 | ||
| 005 | 20250616071011.0 | ||
| 010 |
_a978-5-86813-270-4 _9250 |
||
| 021 |
_aRU _b2010-93480 _96295 |
||
| 035 | _a(NLR Aleph) 001708584 | ||
| 090 |
_a1265691 _c1265691 |
||
| 100 | _a20101221d2010 |||y0rusy50 ca | ||
| 101 | 0 | _arus | |
| 102 | _aRU | ||
| 105 | _aa ||||||||| | ||
| 200 | 1 |
_aДистанционные средства и методы локации для исследования морской поверхности _eучебное пособие для студентов высших учебных заведений, обучающихся по специальности "Океанология" _fА.Д. Шишкин _gМ-во образования и науки Рос. Федерации, Гос. образоват. учреждение высш. проф. образования Рос. гос. гидрометеорол. ун-т |
|
| 210 |
_aСанкт-Петербург _cРГГМУ _d2010 |
||
| 215 |
_a279 с. _cил. _d20 |
||
| 320 | _aБиблиогр.: с. 275-277 | ||
| 606 | 1 |
_aМоря и океаны _jУчебные издания для высших учебных заведений _xПоверхность _xИсследования _xРадиолокационные методы _91607638 _3RU\NLR\auth\66708128 |
|
| 686 | _aД221в733.8я73 | ||
| 700 | 1 |
_aШишкин _bА. Д. _gАнатолий Дмитриевич _4070 |
|
| 801 | 0 |
_aRU _bNLR _c20101221 _gRCR |
|
| 801 | 1 |
_aRU _bNLR _c20101221 |
|
| 942 | _cBOOK | ||
| 980 | _aNB | ||